स्त्रातेजिक वातावरण / (Record no. 19704)
[ view plain ]
| 000 -LEADER | |
|---|---|
| fixed length control field | 01337nam a22002537a 4500 |
| 005 - DATE AND TIME OF LATEST TRANSACTION | |
| control field | 20081106101154.0 |
| 008 - FIXED-LENGTH DATA ELEMENTS--GENERAL INFORMATION | |
| fixed length control field | 081106t xxu||||| |||| 00| 0 hin d |
| 010 ## - LCCN (DPL NO) | |
| LC control number | HIN-85420 |
| 020 ## - INTERNATIONAL STANDARD BOOK NUMBER | |
| Terms of availability | 650.00 |
| International Standard Book Number | 8174875964 |
| 035 ## - SYSTEM CONTROL NUMBER | |
| System control number | HN-57766 |
| 037 ## - SOURCE OF ACQUISITION | |
| Source of stock number/acquisition | DBAD / PUB |
| 040 ## - CATALOGING SOURCE | |
| Original cataloging agency | DPL |
| Language of cataloging | HN |
| 082 ## - DEWEY DECIMAL CLASSIFICATION NUMBER | |
| Classification number | 327.54 |
| 245 ## - TITLE STATEMENT | |
| Title | स्त्रातेजिक वातावरण / |
| Statement of responsibility, etc | कृष्णानन्द शुक्ल द्वारा संपादित |
| 246 ## - VARYING FORM OF TITLE | |
| Title proper/short title | Stratejika vataavarana |
| Remainder of title | edited by Krishna Nand Shukla |
| 260 ## - PUBLICATION, DISTRIBUTION, ETC. (IMPRINT) | |
| Place of publication, distribution, etc | नई दिल्ली |
| Name of publisher, distributor, etc | राधा पब्लिकेशन्स |
| Date of publication, distribution, etc | 2008 |
| 270 ## - ADDRESS | |
| Address | 4231/1, अंसारी रोड़, दरियागंज |
| City | नई दिल्ली |
| Postal code | 110002 |
| Telephone number | 011-23247003, 23254306 |
| 300 ## - PHYSICAL DESCRIPTION | |
| Extent | 311 पृ |
| Dimensions | 22सेमी (सजिल्द) |
| 651 ## - SUBJECT ADDED ENTRY--GEOGRAPHIC NAME | |
| Geographic name | भारत |
| General subdivision | अन्तर्राष्ट्रीय संबंध |
| 651 ## - SUBJECT ADDED ENTRY--GEOGRAPHIC NAME | |
| Geographic name | India |
| General subdivision | International relations |
| 700 ## - ADDED ENTRY--PERSONAL NAME | |
| Personal name | शुक्ल, कृष्णानन्द |
| 942 ## - ADDED ENTRY ELEMENTS (KOHA) | |
| Source of classification or shelving scheme | Dewey Decimal Classification |
| Item type | Hindi Books |
| Call number suffix | स्त्रातेजि |
| Classification part | 327.54 |
| Withdrawn status | Lost status | Source of classification or shelving scheme | Damaged status | Not for loan | Home library | Current library | Date acquired | Cost, normal purchase price | Total Checkouts | Full call number | Barcode | Date last seen | Copy number | Cost, replacement price | Koha item type |
|---|---|---|---|---|---|---|---|---|---|---|---|---|---|---|---|
| Dewey Decimal Classification | Not For Loan | D.B.Act.Division | D.B.Act.Division | 11/12/2008 | 650.00 | 327.54 स्त्रातेजि | HN-57766 | 11/12/2008 | 1 | 650.00 | Hindi Books |
